International Marketing/ (Record no. 208776)

MARC details
000 -LEADER
fixed length control field 00747nam a22002297a 4500
005 - DATE AND TIME OF LATEST TRANSACTION
control field 20250127103303.0
010 ## - LCCN (DPL NO)
LC control number ENG-143607
020 ## - INTERNATIONAL STANDARD BOOK NUMBER
International Standard Book Number 9789354793899
Terms of availability 850.00
035 ## - SYSTEM CONTROL NUMBER
System control number EN-127139
037 ## - SOURCE OF ACQUISITION
Source of stock number/acquisition DBAD
082 ## - DEWEY DECIMAL CLASSIFICATION NUMBER
Classification number 658.84
Edition number 2
100 ## - MAIN ENTRY--PERSONAL NAME
Personal name Baack, Daniel W.
245 ## - TITLE STATEMENT
Title International Marketing/
Statement of responsibility, etc by Daniel W. Baack; Barbara Czarnecka [and] Donald Baack
250 ## - EDITION STATEMENT
Edition statement 2
260 ## - PUBLICATION, DISTRIBUTION, ETC. (IMPRINT)
Place of publication, distribution, etc New Delhi
Name of publisher, distributor, etc SAGE Publications
Date of publication, distribution, etc 2019
270 ## - ADDRESS
Address B1/1-1 Mohan Cooperative Industrial Area, Mathura Road
City New Delhi
Postal code 110044
300 ## - PHYSICAL DESCRIPTION
Extent vpp.
Dimensions 24 cm.(pbk)
500 ## - GENERAL NOTE
General note Includes index.
700 ## - ADDED ENTRY--PERSONAL NAME
Personal name Czarnecka, Barbara
Relator term Author
9 (RLIN) 77072
700 ## - ADDED ENTRY--PERSONAL NAME
Personal name Baack, Donald
Relator term Author
9 (RLIN) 77073
942 ## - ADDED ENTRY ELEMENTS (KOHA)
Source of classification or shelving scheme Dewey Decimal Classification
Item type English Books
Classification part 658.84
Call number suffix BAA
Holdings
Withdrawn status Lost status Not for loan Collection code Home library Current library Date acquired Source of acquisition Cost, normal purchase price Full call number Barcode Copy number Cost, replacement price Koha item type
      Non-fiction Vinoba Puri Vinoba Puri 27/01/2025 DBAD 850.00 658.84 BAA EN-127139 1 850.00 English Books

© Delhi Public Library
Hit Counter
free hit counter